000 00484 a2200157 4500
003 OSt
005 20231121130743.0
008 230911b |||||||| |||| 00| 0 eng d
020 _a9789385831454
100 _aKincaid D.
_9116851
245 _aछत्रपती शिवाजी महाराजांचे चरित्र
260 _bमहावीर बुक हाऊस
300 _a२६०
700 _aसोमण क. अनु.
_9205283
942 _cBK
999 _c355961
_d355961